| 000 | 00513nam a2200169Ia 4500 | ||
|---|---|---|---|
| 005 | 20250424120243.0 | ||
| 008 | 250424s9999 xx 000 0 und d | ||
| 022 | _aLc holding info. | ||
| 050 | _aQA 76.9 .I46/ | ||
| 245 | 0 | _aIlorin journal of computer science and information technology | |
| 260 | _aIlorin, Nigeria | ||
| 260 | _bDepartment of computer science | ||
| 260 | _c2016 | ||
| 300 | _axi, 89 p. :ill. 24 cm. | ||
| 650 | _aComputer security--Congresses. Data protection--Congresses. | ||
| 942 | _cSR | ||
| 999 |
_c38267 _d38267 |
||